书目信息 |
| 题名: |
政府绩效管理
|
|
| 作者: | 莫伊尼汗 著 ;尚虎平 , 杨娟 , 孟陶 译 | |
| 分册: | ||
| 出版信息: | 北京 中国人民大学出版社 2020 |
|
| 页数: | 195页 | |
| 开本: | 26cm | |
| 丛书名: | 公共行政与公共管理经典译丛 | |
| 单 册: | ||
| 中图分类: | D771.231 , D771.2 | |
| 科图分类: | ||
| 主题词: | 国家行政机关--行政管理--研究--美国 | |
| 电子资源: | ||
| ISBN: | 978-7-300-28077-6 | |
| 000 | 01603nam0 2200313 450 | |
| 001 | 2061074857 | |
| 005 | 20201127165922.69 | |
| 010 | @a978-7-300-28077-6@dCNY69.00 | |
| 100 | @a20200831d2020 em y0chiy50 ea | |
| 101 | 1 | @achi@ceng |
| 102 | @aCN@b110000 | |
| 105 | @ay z 000yy | |
| 200 | 1 | @a政府绩效管理@9zheng fu ji xiao guan li@b专著@e创建政府改革的持续动力机制@dThe dynamics of performance management@econstructing information and reform@f(美)唐纳德·P. 莫伊尼汗(Donald P. Moynihan)著@g尚虎平,杨娟,孟陶译@zeng |
| 210 | @a北京@c中国人民大学出版社@d2020 | |
| 215 | @a195页@d26cm | |
| 225 | 1 | @a公共行政与公共管理经典译丛@f张成福主编 |
| 300 | @a“十三五”国家重点出版物出版规划项目 | |
| 330 | @a本书从美国州政府和联邦政府组织的绩效管理现状分析入手,阐述了政府绩效管理的理论与实践,重点探讨了如何使得政府绩效管理具有可操作性。作者发现,美国政府组织在绩效信息使用、绩效文化建设、绩效目标导向、绩效结果使用等方面存在着一系列问题。在他看来,改进领导力、建立绩效文化、有效利用资源、合理使用绩效评价结果是使得政府绩效管理“转动起来”的有效途径。 | |
| 510 | 1 | @aDynamics of performance management@econstructing information and reform@zeng |
| 517 | 1 | @a创建政府改革的持续动力机制@9chuang jian zheng fu gai ge de chi xu dong li ji zhi |
| 606 | 0 | @a国家行政机关@x行政管理@x研究@y美国 |
| 690 | @aD771.231@v5 | |
| 690 | @aD771.2@v4 | |
| 701 | 0 | @c(美)@a莫伊尼汗@9mo yi ni han@c(Moynihan, Donald P.)@4著 |
| 702 | 0 | @a尚虎平@9shang hu ping@f(1974-)@4译 |
| 702 | 0 | @a杨娟@9yang juan@4译 |
| 702 | 0 | @a孟陶@9meng tao@4译 |
| 801 | 2 | @aCN@b58marc.cn@c20200906 |
| 905 | @aMUSE@dD771.2@e5 | |
| 政府绩效管理:创建政府改革的持续动力机制=The dynamics of performance management:constructing information and reform/(美)唐纳德·P. 莫伊尼汗(Donald P. Moynihan)著/尚虎平,杨娟,孟陶译.-北京:中国人民大学出版社,2020 |
| 195页;26cm.-(公共行政与公共管理经典译丛/张成福主编) |
| “十三五”国家重点出版物出版规划项目 |
| ISBN 978-7-300-28077-6:CNY69.00 |
| 本书从美国州政府和联邦政府组织的绩效管理现状分析入手,阐述了政府绩效管理的理论与实践,重点探讨了如何使得政府绩效管理具有可操作性。作者发现,美国政府组织在绩效信息使用、绩效文化建设、绩效目标导向、绩效结果使用等方面存在着一系列问题。在他看来,改进领导力、建立绩效文化、有效利用资源、合理使用绩效评价结果是使得政府绩效管理“转动起来”的有效途径。 |
| ● |
| 相关链接 |
|
|
|
正题名:政府绩效管理
索取号:D771.2/5
 
预约/预借
| 序号 | 登录号 | 条形码 | 馆藏地/架位号 | 状态 | 备注 |
| 1 | 871446 | 2000871446 | 第二书库/ [索取号:D771.2/5] | 在馆 | |
| 2 | 871447 | 2000871447 | 第二书库/ [索取号:D771.2/5] | 在馆 | |
| 3 | 871448 | 2000871448 | 第二书库/ [索取号:D771.2/5] | 在馆 |